000 01073nam a22002657a 4500
001 10083
003 FISKH
005 20260407095708.0
008 260407b cb ||||| |||| 00| 0 eng d
020 _a9788956355160
040 _aFISKH
_beng
_cFISKH
_dFISKH
050 _aPZ8.2.C43
082 _a398.2
100 _aSormark, Julie
245 _aThe donkey and the load of salt /
_cThrough the art style of William Turner ; Retold by Julie Sormark
260 _aSeoul :
_bArt Classic,
_c2010.
300 _a33 pages :
_bcolor illustrations ;
_c24 cm
505 _aJ
520 _aA merchant’s donkey carries salt to market, but when it slips into a river, the load lightens. Thinking this is clever, the donkey repeats it, until the merchant loads it with wet sponges instead. The donkey learns that shortcuts can backfire, teaching a lesson about consequences and cleverness.
521 8 _a500
_bLexile estimate
521 8 _aJ
_bRaz-Plus
650 _aFable Aesop’s
_vChildren’s Literature
_xFables
942 _2ddc
_cBK
_n0
999 _c10083
_d10083